Tra cứu sử dụng thuốc và biệt dược trong và ngoài nước. Q.2 /
Đây là cuốn sách có các loại Thuốc và Biệt dược nhiều nhất từ trước đến nay và là cuốn sách cơ bản có thể giúp bạn đọc tra cứu hầu hết các loại Thuốc và Biệt dược nước ngoài.
Сохранить в:
| Главный автор: | |
|---|---|
| Формат: | |
| Язык: | Vietnamese |
| Опубликовано: |
Hà Nội :
Khoa học và kỹ thuật,
1998.
|
| Предметы: | |
| Метки: |
Добавить метку
Нет меток, Требуется 1-ая метка записи!
|
| Thư viện lưu trữ: | Mạng thư viện Đại học Đà Nẵng |
|---|
| LEADER | 01145cam a2200349 a 4500 | ||
|---|---|---|---|
| 001 | 000042267 | ||
| 003 | 140 | ||
| 005 | 20110304153859.0 | ||
| 008 | 010217b1998 vm 000 vie | ||
| 020 | |c 90000 | ||
| 040 | |a IRC |c IRC |d IRC | ||
| 041 | 0 | |a vie | |
| 082 | 1 | 4 | |a 615.1 |b TA-C |
| 100 | 1 | |a Tào Duy Cần. | |
| 245 | 1 | 0 | |a Tra cứu sử dụng thuốc và biệt dược trong và ngoài nước. |n Q.2 / |c Tào Duy Cần. |
| 260 | |a Hà Nội : |b Khoa học và kỹ thuật, |c 1998. | ||
| 300 | |a 622 tr. ; |c 27 cm. | ||
| 520 | 3 | |a Đây là cuốn sách có các loại Thuốc và Biệt dược nhiều nhất từ trước đến nay và là cuốn sách cơ bản có thể giúp bạn đọc tra cứu hầu hết các loại Thuốc và Biệt dược nước ngoài. | |
| 630 | 0 | 4 | |a Dược học. |
| 630 | 0 | 4 | |a Thuốc. |
| 650 | 0 | 4 | |a Thuốc chữa bệnh. |
| 650 | 0 | 4 | |a Dược phẩm. |
| OWN | |a DUT | ||
| 999 | |a From the UDN01 | ||
| TYP | |a Monograph | ||
| TYP | |a Printed language | ||
| 980 | |a Mạng thư viện Đại học Đà Nẵng | ||